000 00176nam a2200073Ia 4500
008 170817s9999 xx 000 0 und d
100 _aKumar.Yogesh
245 0 _aAdhunik Hidi Shikshan
260 _bA. P. H. PUB.
999 _c38479
_d38479